Property taxation worldwide (Record no. 103755)
[ view plain ]
| 000 -LEADER | |
|---|---|
| fixed length control field | 00353cam a2200145 4500 |
| 008 - FIXED-LENGTH DATA ELEMENTS--GENERAL INFORMATION | |
| fixed length control field | 040914n2005 000 0 eng u |
| 020 ## - INTERNATIONAL STANDARD BOOK NUMBER | |
| International Standard Book Number | 1405126493 |
| 035 ## - SYSTEM CONTROL NUMBER | |
| System control number | (Sirsi) u127360 |
| 100 ## - MAIN ENTRY--PERSONAL NAME | |
| Personal name | Cornia, G |
| 245 ## - TITLE STATEMENT | |
| Title | Property taxation worldwide |
| 260 ## - PUBLICATION, DISTRIBUTION, ETC. | |
| Place of publication, distribution, etc. | Blackwells |
| Date of publication, distribution, etc. | 2005 |
| 350 ## - PRICE (NR) (BK AM CF MU VM SE) [OBSOLETE] | |
| Price | 75.00 |
| 520 ## - SUMMARY, ETC. | |
| Summary, etc. | Due for publication 2005 |
| 942 ## - ADDED ENTRY ELEMENTS (KOHA) | |
| Suppress in OPAC | 0 |
No items available.